[Event "Kimry Spring op 44th"]
[Site "Kimry"]
[Date "2009.04.13"]
[Round "6"]
[White "Evdokimov, Oleg"]
[Black "Doronine, Vladimir"]
[Result "1-0"]
[WhiteElo "2138"]
[BlackElo "1954"]
[PlyCount "47"]
[EventDate "2009.04.13"]
[EventType "swiss"]
[EventRounds "7"]
[EventCountry "RUS"]
[SourceTitle "EXT 2022"]
[Source "ChessBase"]
[SourceDate "2021.10.06"]
[SourceVersion "1"]
[SourceVersionDate "2021.10.06"]
[SourceQuality "1"]

1. e4 e5 2. Nc3 Nf6 3. f4 exf4 4. e5 Qe7 5. Nf3 d6 6. d4 dxe5 7. Nxe5 Bg4 8. Be2 Bxe2 9. Qxe2 Nbd7 10. Bxf4 0-0-0 11. 0-0 Nxe5 12. Bxe5 Nd7 13. Nd5 Qe6 14. Nxc7 Qc6 15. Nb5 Qb6 16. Qc4+ Bc5 17. Bg3 a6 18. Nd6+ Kb8 19. dxc5 Nxc5 20. Nxf7+ Ka8 21. Nxh8 Ne4+ 22. Bf2 Nxf2 23. Rxf2 Rxh8 24. Raf1 1-0

[Event "Kimry-ch"]
[Site "Kimry"]
[Date "2009.01.06"]
[Round "8"]
[White "Volkov, Evgeny"]
[Black "Evdokimov, Oleg"]
[Result "1-0"]
[WhiteElo "2212"]
[BlackElo "2091"]
[PlyCount "121"]
[EventDate "2009.01.02"]
[EventType "swiss"]
[EventRounds "9"]
[EventCountry "RUS"]
[SourceTitle "EXT 2010"]
[Source "ChessBase"]
[SourceDate "2010.11.25"]
[SourceVersion "1"]
[SourceVersionDate "2010.11.25"]
[SourceQuality "1"]

1. d4 d5 2. Nf3 Nf6 3. c4 e6 4. Nc3 Be7 5. Bg5 0-0 6. e3 Ne4 7. Bxe7 Qxe7 8. Qc2 f5 9. Bd3 c6 10. 0-0 Nd7 11. Nd2 Ndf6 12. f3 Nxd2 13. Qxd2 Bd7 14. f4 Ne4 15. Bxe4 fxe4 16. Qe2 Qh4 17. Qf2 Qxf2+ 18. Rxf2 Rac8 19. cxd5 exd5 20. b4 Rf6 21. a4 Kf7 22. Rc2 Ke6 23. Ne2 Rff8 24. Nc1 Kd6 25. Nb3 b6 26. a5 Ra8 27. axb6 axb6 28. Rca2 Rxa2 29. Rxa2 Rb8 30. Ra7 Rc8 31. Kf2 Rc7 32. Ra6 Rb7 33. h3 Kc7 34. g4 h5 35. Kg3 hxg4 36. hxg4 Rb8 37. Ra7+ Rb7 38. Ra8 Rb8 39. Rxb8 Kxb8 40. Nd2 Kc7 41. f5 Kd6 42. Nb3 Be8 43. Kf4 Bf7 44. Kg5 Ke7 45. Nd2 Be8 46. Kf4 g6 47. fxg6 Bxg6 48. Ke5 Bf7 49. Nb1 Be6 50. g5 Bg4 51. Nc3 b5 52. g6 Bd7 53. Ne2 Bg4 54. Nf4 Bd7 55. Nh5 Bh3 56. Ng3 Bd7 57. Nf5+ Kf8 58. Kf6 Bxf5 59. Kxf5 Kg7 60. Kg5 c5 61. bxc5 1-0

[Event "Kimry-ch"]
[Site "Kimry"]
[Date "2009.01.05"]
[Round "6"]
[White "Evdokimov, Oleg"]
[Black "Kolpakov, Nikolay Anastasievi"]
[Result "1-0"]
[WhiteElo "2091"]
[BlackElo "2207"]
[PlyCount "175"]
[EventDate "2009.01.02"]
[EventType "swiss"]
[EventRounds "9"]
[EventCountry "RUS"]
[SourceTitle "EXT 2010"]
[Source "ChessBase"]
[SourceDate "2010.11.25"]
[SourceVersion "1"]
[SourceVersionDate "2010.11.25"]
[SourceQuality "1"]

1. e4 c5 2. f4 e6 3. Nf3 d5 4. Bb5+ Bd7 5. Bxd7+ Nxd7 6. e5 Qb6 7. 0-0 Ne7 8. Nc3 Nf5 9. g4 Nd4 10. d3 h5 11. gxh5 Nf5 12. Ng5 Be7 13. Qg4 f6 14. Nf3 0-0-0 15. Nxd5 exd5 16. Qxf5 Kb8 17. Nh4 fxe5 18. Ng6 c4+ 19. Kg2 Rhe8 20. fxe5 Qc6 21. Nxe7 Rxe7 22. Bg5 Rf8 23. Qxf8+ Nxf8 24. Bxe7 d4+ 25. Kg3 Ne6 26. Bd6+ Ka8 27. Rf7 a5 28. Raf1 cxd3 29. cxd3 Qc2 30. Re7 Qxd3+ 31. Rf3 Qc4 32. h6 gxh6 33. Re8+ Ka7 34. Bb8+ Ka6 35. Rxe6+ b6 36. Re8 d3 37. Rd8 Qxa2 38. Rfxd3 Qxb2 39. Bc7 Qc2 40. R8d7 Qe2 41. R7d4 h5 42. h4 Qe1+ 43. Kf3 Qh1+ 44. Ke2 Qg2+ 45. Kd1 Qg1+ 46. Kc2 Qf2+ 47. Rd2 Qf5+ 48. Kb2 Qe6 49. Bd6 Qe8 50. Rd5 Qe6 51. Bc5 Qf5 52. Bd4 Qf4 53. Bc3 Qe4 54. Rd6 a4 55. Bd4 Qxh4 56. Rxb6+ Ka5 57. Rd6 Qg3 58. Bc3+ Kb5 59. R2d5+ Kc4 60. Rd4+ Kc5 61. Rd2 Qg8 62. Bd4+ Kc4 63. Rc2+ Kd3 64. Bb6+ Ke4 65. e6 Ke5 66. Rd8 Qg4 67. Rd4 Qf3 68. Rc3 Qe2+ 69. Ka3 Kxe6 70. Rxa4 Qd1 71. Bc5 Qa1+ 72. Kb4 Qb2+ 73. Rb3 Qd2+ 74. Kb5 Qe2+ 75. Rc4 Kd5 76. Rbc3 h4 77. Kb4 Qb2+ 78. Rb3 Qe2 79. Rd4+ Kc6 80. Rd6+ Kc7 81. Rbd3 Qb2+ 82. Ka4 Qc2+ 83. Kb5 Qb2+ 84. Bb4 Qe5+ 85. Ka6 Kc8 86. Rd8+ Kc7 87. Ba5+ Kc6 88. Rc8+ 1-0

[Event "Kimry op"]
[Site "Kimry"]
[Date "2008.01.27"]
[Round "4"]
[White "Sorokin, Evgeniy"]
[Black "Evdokimov, Oleg"]
[Result "1-0"]
[WhiteElo "2267"]
[BlackElo "2093"]
[PlyCount "103"]
[EventDate "2008.01.26"]
[EventType "swiss"]
[EventRounds "9"]
[EventCountry "RUS"]
[SourceTitle "EXT 2011"]
[Source "ChessBase"]
[SourceDate "2010.11.26"]
[SourceVersion "1"]
[SourceVersionDate "2010.11.26"]
[SourceQuality "1"]

1. d4 d5 2. c4 e6 3. Nc3 Nf6 4. g3 Be7 5. Bg2 0-0 6. Qb3 c6 7. Nh3 Bd6 8. Bf4 Bxf4 9. Nxf4 Nbd7 10. 0-0 dxc4 11. Qxc4 e5 12. dxe5 Nxe5 13. Qb3 Qa5 14. Rfd1 Neg4 15. h3 Ne5 16. e3 Rb8 17. Qc2 Ng6 18. Nxg6 hxg6 19. Rd4 Qe5 20. Rad1 Be6 21. b3 Qh5 22. Ne2 Qe5 23. Qc1 Bd5 24. Qa3 Bxg2 25. Kxg2 a6 26. Nf4 g5 27. Nd3 Qf5 28. Qc5 Qxc5 29. Nxc5 b6 30. Nd7 Nxd7 31. Rxd7 c5 32. Ra7 a5 33. Rdd7 Rbd8 34. Kf3 Rxd7 35. Rxd7 Re8 36. Kg4 f6 37. Rb7 g6 38. Rxb6 c4 39. Rxf6 Kg7 40. Rc6 cxb3 41. axb3 Re5 42. Rb6 Kh6 43. Rb7 Rc5 44. e4 a4 45. bxa4 Rc4 46. Re7 Rxa4 47. Re5 Ra3 48. f3 Rb3 49. Rxg5 Rc3 50. Ra5 Rc4 51. Ra6 Rc2 52. h4 1-0

[Event "Kimry op"]
[Site "Kimry"]
[Date "2003.??.??"]
[Round "6"]
[White "Borzov, Vladimir"]
[Black "Evdokimov, Oleg"]
[Result "1-0"]
[WhiteElo "2141"]
[BlackElo "2034"]
[PlyCount "59"]
[EventDate "2003.??.??"]
[EventType "swiss"]
[EventRounds "9"]
[EventCountry "RUS"]
[SourceTitle "EXT 2006"]
[Source "ChessBase"]
[SourceDate "2005.11.24"]
[SourceVersion "1"]
[SourceVersionDate "2005.11.24"]
[SourceQuality "1"]

1. Nf3 d5 2. a4 c5 3. e4 d4 4. Bb5+ Bd7 5. 0-0 Bxb5 6. axb5 Nd7 7. e5 e6 8. d3 Ne7 9. Nbd2 Ng6 10. Nc4 Qc7 11. Re1 Be7 12. Re4 Nb6 13. h4 Nxc4 14. dxc4 h5 15. Bd2 b6 16. Qe2 Qb7 17. Ra6 0-0-0 18. Qd3 Rd7 19. g3 Bd8 20. Re1 Bc7 21. b4 cxb4 22. Bxb4 Qb8 23. c5 bxc5 24. Bxc5 Bxe5 25. b6 axb6 26. Rxb6 Qc7 27. Qa6+ Kd8 28. Nxe5 Qxc5 29. Nxd7 Kxd7 30. Qa7+ 1-0

[Event "Kimry op"]
[Site "Kimry"]
[Date "2003.??.??"]
[Round "1"]
[White "Evdokimov, Oleg"]
[Black "Karklin, Viacheslav"]
[Result "1/2-1/2"]
[WhiteElo "2034"]
[BlackElo "2226"]
[PlyCount "69"]
[EventDate "2003.??.??"]
[EventType "swiss"]
[EventRounds "9"]
[EventCountry "RUS"]
[SourceTitle "EXT 2006"]
[Source "ChessBase"]
[SourceDate "2005.11.24"]
[SourceVersion "1"]
[SourceVersionDate "2005.11.24"]
[SourceQuality "1"]

1. e4 e6 2. d4 d5 3. e5 c5 4. c3 Nc6 5. Nf3 Bd7 6. Bd3 Qb6 7. Bc2 cxd4 8. cxd4 Bb4+ 9. Nc3 Nge7 10. 0-0 Rc8 11. Na4 Qc7 12. a3 Ba5 13. b4 Bb6 14. Nc5 Bxc5 15. bxc5 b6 16. cxb6 axb6 17. Bd3 Na5 18. Ng5 h6 19. Nf3 Nc4 20. Nh4 g5 21. Nf3 Nf5 22. g4 Ne7 23. h4 gxh4 24. Nxh4 Nc6 25. Be3 Qd8 26. Ng2 Qe7 27. Qc1 Nxe3 28. Qxe3 Qg5 29. Be2 Qxe3 30. fxe3 Na5 31. Rab1 Ke7 32. Rxb6 Rc2 33. Kf2 Nc4 34. Rb7 Rg8 35. Ke1 1/2-1/2